Tvorba marketingovo efektívnej internetovej stránky pre malé a stredné podniky

Tvorba marketingovo efektívnej internetovej stránky a efektívna on-line marketingová komunikácia malých a stredných podnikov. Konkurenčné prostredie a efektívne internetové firemné stránky a rentabilné on-line marketingové stratégie a kampane.

Gespeichert in:
Bibliographische Detailangaben
1. Verfasser: Zámečník, Peter
Weitere Verfasser: Sučanský, Peter
Format: Buchkapitel
Sprache:Slowakisch
Schlagworte:
Tags: Tag hinzufügen
Keine Tags, Fügen Sie das erste Tag hinzu!

MARC

LEADER 00000nla a2200000 4500
001 0223568
005 20240502073646.5
041 0 |a slo 
044 |a SK 
245 1 0 |a Tvorba marketingovo efektívnej internetovej stránky pre malé a stredné podniky  |c Peter Zámečník, Peter Sučanský 
520 |a Tvorba marketingovo efektívnej internetovej stránky a efektívna on-line marketingová komunikácia malých a stredných podnikov. Konkurenčné prostredie a efektívne internetové firemné stránky a rentabilné on-line marketingové stratégie a kampane. 
610 2 0 |a marketing 
610 2 0 |a stratégia marketingová 
610 2 0 |a komunikácia marketingová 
610 2 0 |a stránky webové 
610 2 0 |a internet 
610 2 0 |a podnik malý 
610 2 0 |a podnik stredný 
100 1 |a Zámečník, Peter 
700 1 |a Sučanský, Peter